[Event "Heusenstamm Sparkassen op-B 7th"]
[Site "Heusenstamm"]
[Date "2021.11.18"]
[Round "1.28"]
[White "Klein, Simon"]
[Black "Gude, Michael"]
[Result "1/2-1/2"]
[WhiteElo "1379"]
[BlackElo "1643"]
[PlyCount "127"]
[EventDate "2021.11.18"]
[EventType "swiss"]
[EventRounds "7"]
[EventCountry "GER"]
[SourceTitle "EXT 2023"]
[Source "ChessBase"]
[SourceDate "2022.10.05"]
[SourceVersion "1"]
[SourceVersionDate "2022.10.05"]
[SourceQuality "1"]

1. d4 e6 2. Nf3 d5 3. Bf4 Bd6 4. Bg3 Bxg3 5. hxg3 Nf6 6. e3 c5 7. c3 c4 8. Nbd2 Nc6 9. b3 b5 10. bxc4 bxc4 11. Rb1 Qa5 12. Qc2 h6 13. Be2 Bd7 14. Ne5 Nxe5 15. dxe5 Nh7 16. Rb7 Bc6 17. Rb4 Qc7 18. f4 a5 19. Rb2 Qa7 20. Kf2 0-0 21. Rhb1 Rab8 22. Nf3 Rxb2 23. Qxb2 Rc8 24. Nd4 Qc5 25. Bd1 Nf8 26. Ke2 Nd7 27. Qc1 Kf8 28. Rb2 Ke7 29. Qb1 g6 30. g4 Kf8 31. g3 Kg7 32. Bc2 Rh8 33. f5 Nxe5 34. fxe6 Re8 35. exf7 Kxf7 36. Qf1+ Kg7 37. Rb8 Qe7 38. Rb6 Nxg4 39. Qf4 Qxe3+ 40. Qxe3 Rxe3+ 41. Kd2 Bd7 42. Rd6 Re7 43. Rxg6+ Kf7 44. Rd6 Ne3 45. Rxh6 Nf1+ 46. Kc1 Nxg3 47. Rd6 Ne4 48. Rxd5 Nxc3 49. Rxa5 Ne2+ 50. Nxe2 Rxe2 51. Rc5 Be6 52. a4 Re3 53. a5 Ra3 54. Kb2 Rh3 55. Rc7+ Kf6 56. a6 c3+ 57. Ka3 Rh1 58. a7 Rc1 59. Kb4 Ra1 60. Kxc3 Ke5 61. Kb4 Kd6 62. Rh7 Bd7 63. Rh6+ Kc7 64. a8N+ 1/2-1/2

[Event "Heusenstamm Sparkassen op-B 5th"]
[Site "Heusenstamm"]
[Date "2018.11.25"]
[Round "7"]
[White "Chambers, Dominik Keith"]
[Black "Gude, Michael"]
[Result "1-0"]
[WhiteElo "1715"]
[BlackElo "1666"]
[PlyCount "67"]
[EventDate "2018.11.22"]
[EventType "swiss"]
[EventRounds "7"]
[EventCountry "GER"]
[SourceTitle "CBM 187 Extra"]
[Source "ChessBase"]
[SourceDate "2018.11.04"]
[SourceVersion "1"]
[SourceVersionDate "2018.11.04"]
[SourceQuality "1"]

1. Nf3 e6 2. g3 f5 3. Bg2 Nf6 4. d3 d5 5. Nbd2 Bd6 6. c4 c6 7. cxd5 exd5 8. b3 a5 9. Bb2 0-0 10. 0-0 Nbd7 11. Nd4 Nb6 12. e4 dxe4 13. dxe4 fxe4 14. Nxe4 Nxe4 15. Bxe4 Qe7 16. Re1 Qf6 17. Qc2 Qh6 18. Nf5 Bxf5 19. Bxf5 Bb4 20. Be6+ Kh8 21. Re4 Rae8 22. Rh4 Qxh4 23. gxh4 Rxe6 24. h5 Nd5 25. Rd1 Nf4 26. h6 Nh3+ 27. Kg2 Rg6+ 28. Qxg6 Rxf2+ 29. Kxh3 hxg6 30. Bxg7+ Kg8 31. Rd8+ Bf8 32. Bxf8 Rxf8 33. h7+ Kg7 34. Rxf8 1-0

[Event "Heusenstamm Sparkassen op-B 5th"]
[Site "Heusenstamm"]
[Date "2018.11.24"]
[Round "4"]
[White "Gude, Michael"]
[Black "Tobias, Christian"]
[Result "1-0"]
[WhiteElo "1666"]
[BlackElo "1416"]
[PlyCount "67"]
[EventDate "2018.11.22"]
[EventType "swiss"]
[EventRounds "7"]
[EventCountry "GER"]
[SourceTitle "CBM 187 Extra"]
[Source "ChessBase"]
[SourceDate "2018.11.04"]
[SourceVersion "1"]
[SourceVersionDate "2018.11.04"]
[SourceQuality "1"]

1. e4 e5 2. Nf3 Nc6 3. Bc4 Bc5 4. c3 Nf6 5. d3 0-0 6. 0-0 d6 7. h3 a6 8. Bb3 Na5 9. Bc2 c6 10. b4 Bb6 11. bxa5 Bxa5 12. Bb3 Re8 13. Be3 d5 14. Qc2 dxe4 15. dxe4 Qc7 16. Nbd2 b5 17. a4 Be6 18. axb5 cxb5 19. Bxe6 Rxe6 20. c4 Bxd2 21. Nxd2 bxc4 22. Qxc4 Qxc4 23. Nxc4 Nxe4 24. Ra5 f6 25. Rfa1 Rc6 26. Nb6 Ra7 27. Rxa6 Rxa6 28. Rxa6 Nd6 29. Ra8+ Kf7 30. Nd7 g5 31. g4 Rc8 32. Ra7 Kg6 33. Bc5 Ne4 34. Nf8+ 1-0

[Event "Heusenstamm Sparkassen op-B 5th"]
[Site "Heusenstamm"]
[Date "2018.11.23"]
[Round "2"]
[White "Gude, Michael"]
[Black "Ilievski, Kosto"]
[Result "0-1"]
[WhiteElo "1666"]
[BlackElo "1387"]
[PlyCount "76"]
[EventDate "2018.11.22"]
[EventType "swiss"]
[EventRounds "7"]
[EventCountry "GER"]
[SourceTitle "CBM 187 Extra"]
[Source "ChessBase"]
[SourceDate "2018.11.04"]
[SourceVersion "1"]
[SourceVersionDate "2018.11.04"]
[SourceQuality "1"]

1. e4 c6 2. d4 d5 3. e5 Bf5 4. Nf3 e6 5. Be2 Qb6 6. 0-0 Nd7 7. a4 Bg6 8. a5 Qc7 9. c3 Ne7 10. b4 Be4 11. Nbd2 Bxf3 12. Bxf3 Ng6 13. Nb3 Be7 14. Nc5 0-0 15. Be2 Nxc5 16. bxc5 b6 17. cxb6 axb6 18. a6 b5 19. Bd3 Qb6 20. Be3 Rxa6 21. Qb3 Rb8 22. f4 Qa7 23. Qb2 Ra8 24. Rxa6 Qxa6 25. f5 exf5 26. Bxf5 Qa2 27. Qc1 Qc4 28. e6 fxe6 29. Bxe6+ Kh8 30. Qe1 Ra2 31. Bf7 Qe2 32. Qg3 Nf8 33. Re1 Qb2 34. Bf4 Ra1 35. Be8 b4 36. Bxc6 bxc3 37. Bxd5 c2 38. Be5 Ng6 0-1

[Event "Heusenstamm Sparkassen op-B 5th"]
[Site "Heusenstamm"]
[Date "2018.11.23"]
[Round "3"]
[White "Schwab, Tizian"]
[Black "Gude, Michael"]
[Result "0-1"]
[WhiteElo "1318"]
[BlackElo "1666"]
[PlyCount "120"]
[EventDate "2018.11.22"]
[EventType "swiss"]
[EventRounds "7"]
[EventCountry "GER"]
[SourceTitle "CBM 187 Extra"]
[Source "ChessBase"]
[SourceDate "2018.11.04"]
[SourceVersion "1"]
[SourceVersionDate "2018.11.04"]
[SourceQuality "1"]

1. e4 e6 2. d4 d5 3. e5 c5 4. c3 Qb6 5. a3 Nc6 6. Nf3 cxd4 7. cxd4 Nge7 8. b4 Nf5 9. Be3 Nxe3 10. fxe3 Be7 11. Nc3 0-0 12. Bd3 f6 13. exf6 Bxf6 14. Na4 Qd8 15. Nc5 e5 16. dxe5 Nxe5 17. Rb1 Nxf3+ 18. gxf3 Bc3+ 19. Ke2 Qf6 20. Qf1 Be5 21. Qf2 b6 22. Nb3 Bd7 23. h4 Rae8 24. Rbf1 Bf4 25. e4 Qb2+ 26. Ke1 Qxb3 27. Qc2 Qxc2 28. Bxc2 dxe4 29. fxe4 Bg3+ 30. Kd2 Rxf1 31. Rxf1 Bxh4 32. Bb3+ Be6 33. Bxe6+ Rxe6 34. Kd3 a5 35. Rb1 axb4 36. Rxb4 Be1 37. Rb1 Ba5 38. Kd4 h6 39. Rf1 Rd6+ 40. Ke3 Bc3 41. Rf3 Bb2 42. Ke2 Rc6 43. Kd2 Bf6 44. Rb3 Be7 45. Kd3 Kf7 46. Kd4 Ke6 47. a4 Bf6+ 48. Kd3 g5 49. Rb5 h5 50. Ke3 Be5 51. Kf3 g4+ 52. Kg2 h4 53. Rd5 Rd6 54. Rb5 h3+ 55. Kh1 g3 56. Rb1 g2+ 57. Kg1 Bd4+ 58. Kh2 g1Q+ 59. Rxg1 Bxg1+ 60. Kxg1 Rd2 0-1

[Event "Heusenstamm Sparkassen op-B 5th"]
[Site "Heusenstamm"]
[Date "2018.11.22"]
[Round "1"]
[White "Gnandt, Michael"]
[Black "Gude, Michael"]
[Result "1-0"]
[WhiteElo "1316"]
[BlackElo "1666"]
[PlyCount "137"]
[EventDate "2018.11.22"]
[EventType "swiss"]
[EventRounds "7"]
[EventCountry "GER"]
[SourceTitle "CBM 187 Extra"]
[Source "ChessBase"]
[SourceDate "2018.11.04"]
[SourceVersion "1"]
[SourceVersionDate "2018.11.04"]
[SourceQuality "1"]

1. e4 e6 2. d4 d5 3. e5 c5 4. c3 Qb6 5. Qb3 Qxb3 6. axb3 Nc6 7. Nf3 Bd7 8. Na3 a6 9. Nc2 cxd4 10. cxd4 Nge7 11. Bd3 Ng6 12. Bd2 Be7 13. 0-0 0-0 14. b4 Na7 15. Ra2 Rfc8 16. Rfa1 Nf8 17. Na3 Be8 18. b5 Bxa3 19. bxa6 Bxb2 20. Rxb2 b5 21. Bb4 Nd7 22. Bd6 Nb6 23. Rb3 h6 24. Rab1 Nc4 25. Bc5 Nc6 26. Rxb5 Rxa6 27. Bxc4 dxc4 28. Rb6 Raa8 29. Rc1 f6 30. exf6 gxf6 31. h3 Bf7 32. Rxc4 e5 33. Rc3 Ra4 34. dxe5 fxe5 35. Be3 Rc4 36. Rxc4 Bxc4 37. Bxh6 Bf7 38. Rb1 Bd5 39. Nd2 Nd4 40. Re1 Re8 41. Be3 Nf5 42. Bf4 Nh4 43. g3 Ng6 44. h4 Nxf4 45. gxf4 e4 46. Kh2 Kh7 47. Re3 Kh6 48. Rg3 Rf8 49. Rg4 Bb7 50. Kg3 Rd8 51. Nf1 Ba6 52. Ne3 Be2 53. Rg5 Rc8 54. f5 Bf3 55. Ng4+ Kh7 56. Kf4 Ra8 57. Nf6+ Kh8 58. h5 Rf8 59. Rg6 Ra8 60. h6 Rf8 61. Kg5 e3 62. fxe3 Bd1 63. h7 Bb3 64. e4 Bf7 65. Rh6 Bb3 66. e5 Bc4 67. e6 Bxe6 68. fxe6 Re8 69. Rg6 1-0

[Event "Heusenstamm Sparkassen op-A 4th"]
[Site "Heusenstamm"]
[Date "2017.11.26"]
[Round "7"]
[White "Heun, Andreas"]
[Black "Gude, Michael"]
[Result "1/2-1/2"]
[WhiteElo "1713"]
[BlackElo "1659"]
[PlyCount "51"]
[EventDate "2017.11.23"]
[EventType "swiss"]
[EventRounds "7"]
[EventCountry "GER"]
[SourceTitle "EXT 2019"]
[Source "ChessBase"]
[SourceDate "2018.10.10"]
[SourceVersion "1"]
[SourceVersionDate "2018.10.10"]
[SourceQuality "1"]

1. e4 e6 2. d4 d5 3. e5 c5 4. c3 Nc6 5. Nf3 Qb6 6. Bd3 cxd4 7. cxd4 Bd7 8. Bc2 Nge7 9. Nc3 Ng6 10. 0-0 Be7 11. a3 Rc8 12. Na4 Qc7 13. Nc3 a6 14. Be3 0-0 15. Rc1 Qd8 16. Bd3 Na5 17. Nd2 b5 18. f4 Nc4 19. Nxc4 dxc4 20. Bb1 Bc6 21. Qh5 f5 22. Rcd1 Be8 23. Qe2 Bc6 24. Qd2 b4 25. axb4 Bxb4 26. Ba2 1/2-1/2

[Event "Heusenstamm Sparkassen op-A 4th"]
[Site "Heusenstamm"]
[Date "2017.11.25"]
[Round "5"]
[White "Schaefer, Peter Felix"]
[Black "Gude, Michael"]
[Result "1/2-1/2"]
[WhiteElo "1813"]
[BlackElo "1659"]
[PlyCount "52"]
[EventDate "2017.11.23"]
[EventType "swiss"]
[EventRounds "7"]
[EventCountry "GER"]
[SourceTitle "EXT 2019"]
[Source "ChessBase"]
[SourceDate "2018.10.10"]
[SourceVersion "1"]
[SourceVersionDate "2018.10.10"]
[SourceQuality "1"]

1. e4 e6 2. d3 d5 3. Nd2 c5 4. Ngf3 Nc6 5. g3 Nge7 6. Bg2 g6 7. 0-0 Bg7 8. Re1 0-0 9. c3 b5 10. Nf1 a5 11. e5 Bb7 12. d4 cxd4 13. cxd4 Qb6 14. Ne3 Rac8 15. b3 Rfe8 16. Bb2 Nf5 17. Nxf5 exf5 18. Nh4 Nb4 19. Re2 Nc6 20. f4 Nd8 21. Nf3 Ne6 22. Rc2 Rxc2 23. Qxc2 Rc8 24. Qd2 Bf8 25. a3 b4 26. a4 Be7 1/2-1/2

[Event "Heusenstamm Sparkassen op-A 4th"]
[Site "Heusenstamm"]
[Date "2017.11.24"]
[Round "3"]
[White "Lehmann, Tim"]
[Black "Gude, Michael"]
[Result "1/2-1/2"]
[WhiteElo "1818"]
[BlackElo "1659"]
[PlyCount "47"]
[EventDate "2017.11.23"]
[EventType "swiss"]
[EventRounds "7"]
[EventCountry "GER"]
[SourceTitle "EXT 2019"]
[Source "ChessBase"]
[SourceDate "2018.10.10"]
[SourceVersion "1"]
[SourceVersionDate "2018.10.10"]
[SourceQuality "1"]

1. d4 e6 2. Nf3 f5 3. Bf4 Nf6 4. e3 Be7 5. h3 b6 6. c4 Bb7 7. Nc3 a6 8. Be2 h6 9. Bh2 d6 10. 0-0 0-0 11. b4 Qe8 12. Qb3 Kh8 13. c5 Nd5 14. Rac1 Ra7 15. Nb1 Nc6 16. a3 bxc5 17. bxc5 dxc5 18. Nc3 cxd4 19. exd4 Bf6 20. Rfd1 Ba8 21. Nxd5 exd5 22. Bf1 Qd7 23. Qc3 Rc8 24. Bd3 1/2-1/2

[Event "Rhein Main op-A 20th"]
[Site "Bad Homburg"]
[Date "2017.06.17"]
[Round "5"]
[White "Cramer, Lydia"]
[Black "Gude, Michael"]
[Result "0-1"]
[WhiteElo "1458"]
[BlackElo "1673"]
[PlyCount "130"]
[EventDate "2017.06.14"]
[EventType "swiss"]
[EventRounds "7"]
[EventCountry "GER"]
[SourceTitle "EXT 2018"]
[Source "ChessBase"]
[SourceDate "2017.10.13"]
[SourceVersion "1"]
[SourceVersionDate "2017.10.13"]
[SourceQuality "1"]

1. e4 e6 2. d4 d5 3. exd5 exd5 4. Bd3 Nc6 5. Be3 Bd6 6. Nf3 Nge7 7. h3 f6 8. Nc3 a6 9. 0-0 Nb4 10. Re1 Nxd3 11. Qxd3 Bf5 12. Qd2 g5 13. Bxg5 fxg5 14. Qxg5 Bxh3 15. Qh5+ Kf8 16. Qxh3 Bf4 17. Re6 Kf7 18. Ne5+ Bxe5 19. Rxe5 c6 20. Qf3+ Kg7 21. Rg5+ Ng6 22. Qf5 Rf8 23. Qg4 Qf6 24. Rf1 Rae8 25. f3 b5 26. Kf2 a5 27. Rh1 Qe6 28. Qxe6 Rxe6 29. Nd1 Rfe8 30. Rgh5 Re2+ 31. Kg3 Rxc2 32. Rxh7+ Kf6 33. Nf2 Rg8 34. Ng4+ Ke6 35. R1h6 Rxb2 36. Ne5 Kf5 37. Rh5+ Kf6 38. Nd7+ Ke6 39. Nc5+ Kf6 40. Nd7+ Ke6 41. Rg5 Rxa2 42. Ne5 Kf6 43. f4 Rxg2+ 44. Kxg2 Nxf4+ 45. Kf3 Kxg5 46. Rh1 Ng6 47. Nf7+ Kf6 48. Nh6 Rf8 49. Kg4 Ke6 50. Re1+ Kd7 51. Kg5 Ne7 52. Ng4 b4 53. Ne5+ Kd6 54. Ra1 Ra8 55. Kf6 b3 56. Nf7+ Kd7 57. Re1 Ng8+ 58. Kg7 a4 59. Ne5+ Kc7 60. Rc1 Ne7 61. Rb1 Nf5+ 62. Kf6 Nxd4 63. Nd3 a3 64. Ke5 a2 65. Ra1 Nc2 0-1

[Event "Frankfurt-chA"]
[Site "Frankfurt"]
[Date "2017.05.08"]
[Round "3"]
[White "Gude, Michael"]
[Black "Krischak, Werner"]
[Result "1/2-1/2"]
[WhiteElo "1520"]
[BlackElo "1719"]
[PlyCount "102"]
[EventDate "2017.04.24"]
[EventType "swiss"]
[EventRounds "7"]
[EventCountry "GER"]
[SourceTitle "EXT 2018"]
[Source "ChessBase"]
[SourceDate "2017.10.13"]
[SourceVersion "1"]
[SourceVersionDate "2017.10.13"]
[SourceQuality "1"]

1. e4 c6 2. d4 d5 3. e5 Bf5 4. Nf3 e6 5. Be2 Qc7 6. Nbd2 c5 7. 0-0 cxd4 8. Bb5+ Nd7 9. Nxd4 Qxe5 10. N2f3 Qd6 11. Nxf5 exf5 12. Re1+ Kd8 13. c3 Be7 14. Be3 Ngf6 15. Nd4 g6 16. Nb3 b6 17. Bd4 a6 18. Bxd7 Kxd7 19. Be5 Qc6 20. Qd3 Rhe8 21. Rad1 Ng4 22. Bf4 Bd6 23. Bxd6 Qxd6 24. g3 Re4 25. Kg2 Nf6 26. f3 Re6 27. Nd4 Re5 28. Nc2 b5 29. Nb4 Rae8 30. Rxe5 Qxe5 31. Nxd5 Qe2+ 32. Kh3 Qxd3 33. Nxf6+ Ke7 34. Rxd3 Kxf6 35. Rd6+ Re6 36. Rd2 g5 37. Kg2 h5 38. h3 Re1 39. a3 Ke6 40. Rc2 Kd5 41. b3 Ra1 42. g4 hxg4 43. fxg4 Rxa3 44. c4+ bxc4 45. bxc4+ Kc5 46. gxf5 Ra4 47. Re2 Rxc4 48. Re7 Rf4 49. Rxf7 a5 50. f6 Kd6 51. Ra7 Rxf6 1/2-1/2

[Event "Hofheim Spring op-B 5th"]
[Site "Hofheim"]
[Date "2017.04.11"]
[Round "9"]
[White "Gude, Michael"]
[Black "Hofmann, Werner2"]
[Result "0-1"]
[WhiteElo "1724"]
[BlackElo "1631"]
[PlyCount "90"]
[EventDate "2017.04.07"]
[EventType "swiss"]
[EventRounds "9"]
[EventCountry "GER"]
[SourceTitle "CBM 178 Extra"]
[Source "ChessBase"]
[SourceDate "2017.06.22"]
[SourceVersion "1"]
[SourceVersionDate "2017.06.22"]
[SourceQuality "1"]

1. e4 e5 2. Nf3 Nc6 3. Bc4 h6 4. c3 Nf6 5. d3 Bc5 6. a4 a5 7. 0-0 0-0 8. Na3 d6 9. h3 Ne7 10. Nc2 Ba7 11. Re1 c5 12. Be3 Ng6 13. Qd2 Kh7 14. Na3 Nh5 15. Nb5 Bb8 16. Rad1 f5 17. exf5 Rxf5 18. Nh2 Nhf4 19. d4 cxd4 20. cxd4 Qg5 21. Ng4 h5 22. Bd3 hxg4 23. Bxf5 Bxf5 24. Bxf4 Nxf4 25. h4 Qxh4 26. dxe5 dxe5 27. Qd8 Nxg2 28. Qxh4+ Nxh4 29. Re3 Nf3+ 30. Kg2 Ba7 31. Rc3 Bd4 32. Rc7 Be4 33. Kg3 Ra6 34. Rh1+ Kg6 35. Rh8 Rf6 36. Rg8 Rf7 37. Rxf7 Kxf7 38. Ra8 Ke6 39. Nxd4+ exd4 40. Kxg4 Ke7 41. Kf4 d3 42. Kxe4 d2 43. Ra7 d1Q 44. Rxb7+ Kd6 45. Rxg7 Qd4+ 0-1

[Event "Hofheim Spring op-B 5th"]
[Site "Hofheim"]
[Date "2017.04.10"]
[Round "7"]
[White "Gude, Michael"]
[Black "Metzing, Joachim"]
[Result "0-1"]
[WhiteElo "1724"]
[BlackElo "1931"]
[PlyCount "40"]
[EventDate "2017.04.07"]
[EventType "swiss"]
[EventRounds "9"]
[EventCountry "GER"]
[SourceTitle "CBM 178 Extra"]
[Source "ChessBase"]
[SourceDate "2017.06.22"]
[SourceVersion "1"]
[SourceVersionDate "2017.06.22"]
[SourceQuality "1"]

1. e4 e5 2. Nf3 Nc6 3. Bc4 Nf6 4. d3 Be7 5. 0-0 0-0 6. Nc3 d6 7. a3 Bg4 8. h3 Bh5 9. Be3 Qd7 10. Kh2 Rad8 11. Rg1 Nd4 12. Bxd4 exd4 13. Ne2 d5 14. exd5 Bd6+ 15. Ng3 Rfe8 16. Kh1 Bxg3 17. fxg3 Qd6 18. g4 Bxg4 19. hxg4 Nxg4 20. Qd2 Re2 0-1

[Event "Heusenstamm Sparkassen op-A 3rd"]
[Site "Heusenstamm"]
[Date "2016.11.27"]
[Round "4"]
[White "Donecker, Stefan"]
[Black "Gude, Michael"]
[Result "1-0"]
[WhiteElo "1788"]
[BlackElo "1729"]
[PlyCount "61"]
[EventDate "2016.11.24"]
[EventType "swiss"]
[EventRounds "7"]
[EventCountry "GER"]
[SourceTitle "EXT 2018"]
[Source "ChessBase"]
[SourceDate "2017.10.13"]
[SourceVersion "1"]
[SourceVersionDate "2017.10.13"]
[SourceQuality "1"]

1. d4 e6 2. Nc3 Bb4 3. Bd2 f5 4. a3 Be7 5. e4 fxe4 6. Nxe4 d5 7. Ng3 Nf6 8. Bd3 0-0 9. Nf3 c5 10. c3 cxd4 11. cxd4 Nc6 12. b4 a6 13. 0-0 Bd6 14. Be3 Kh8 15. Ra2 Bd7 16. Bb1 Ne7 17. Ng5 Nf5 18. Nh5 g6 19. Bxf5 exf5 20. Bf4 Bxf4 21. Nxf4 Ne4 22. Nge6 Bxe6 23. Nxe6 Qd6 24. Nxf8 Rxf8 25. Rc2 Nf6 26. Re1 Kg8 27. Qc1 Rf7 28. Qh6 Rc7 29. Rxc7 Qxc7 30. Qc1 Qc4 31. Qe3 1-0

[Event "Heusenstamm Sparkassen op-A 3rd"]
[Site "Heusenstamm"]
[Date "2016.11.27"]
[Round "3"]
[White "Gude, Michael"]
[Black "Berkes, Joerg"]
[Result "0-1"]
[WhiteElo "1729"]
[BlackElo "1833"]
[PlyCount "66"]
[EventDate "2016.11.24"]
[EventType "swiss"]
[EventRounds "7"]
[EventCountry "GER"]
[SourceTitle "EXT 2018"]
[Source "ChessBase"]
[SourceDate "2017.10.13"]
[SourceVersion "1"]
[SourceVersionDate "2017.10.13"]
[SourceQuality "1"]

1. e4 g6 2. d4 Bg7 3. Be3 d6 4. Nc3 Nf6 5. h3 0-0 6. Be2 c6 7. Nf3 Qa5 8. 0-0 b5 9. a3 Bb7 10. Qc1 Nbd7 11. b4 Qc7 12. Nd2 a6 13. Nb3 c5 14. e5 Nd5 15. exd6 exd6 16. Nxd5 Bxd5 17. bxc5 dxc5 18. Bf4 Qc6 19. Bf3 Bxf3 20. gxf3 Qxf3 21. Qe3 Qxe3 22. fxe3 cxd4 23. Nxd4 Rac8 24. a4 Bxd4 25. exd4 Rxc2 26. axb5 axb5 27. Ra7 Rd8 28. Rb7 Rc4 29. Be3 b4 30. Rb1 Nf6 31. R7xb4 Rxb4 32. Rxb4 Nd5 33. Kf2 Nxb4 0-1

[Event "Heusenstamm Sparkassen op-A 3rd"]
[Site "Heusenstamm"]
[Date "2016.11.27"]
[Round "6"]
[White "Gude, Michael"]
[Black "Schmitt, Clemens"]
[Result "1-0"]
[WhiteElo "1729"]
[BlackElo "1757"]
[PlyCount "71"]
[EventDate "2016.11.24"]
[EventType "swiss"]
[EventRounds "7"]
[EventCountry "GER"]
[SourceTitle "EXT 2018"]
[Source "ChessBase"]
[SourceDate "2017.10.13"]
[SourceVersion "1"]
[SourceVersionDate "2017.10.13"]
[SourceQuality "1"]

1. e4 e6 2. d4 d5 3. Nd2 Nf6 4. e5 Nfd7 5. Ngf3 c5 6. c3 Nc6 7. Bd3 Be7 8. 0-0 0-0 9. Qc2 g6 10. b3 f6 11. Bxg6 f5 12. Bh5 cxd4 13. cxd4 Nb4 14. Qc3 Kh8 15. a3 Na6 16. Ne1 Rg8 17. Bf7 Rg7 18. Bxe6 Nxe5 19. Bxc8 Rxc8 20. Qh3 Ng4 21. Qd3 Bd6 22. Nef3 Nxh2 23. Nxh2 Qh4 24. Ndf3 Bxh2+ 25. Nxh2 Rcg8 26. Qf3 Rxg2+ 27. Qxg2 Rxg2+ 28. Kxg2 Qxd4 29. Be3 Qe4+ 30. Kg1 f4 31. Bxa7 f3 32. Kh1 Qh4 33. Rg1 Qf6 34. Rae1 Nc7 35. Bb8 Ne6 36. Be5 1-0

[Event "Frankfurt-chA"]
[Site "Frankfurt"]
[Date "2016.06.06"]
[Round "6"]
[White "Ketting, Douwe"]
[Black "Gude, Michael"]
[Result "1-0"]
[WhiteElo "1451"]
[BlackElo "1532"]
[PlyCount "57"]
[EventDate "2016.04.25"]
[EventType "swiss"]
[EventRounds "9"]
[EventCountry "GER"]
[SourceTitle "EXT 2018"]
[Source "ChessBase"]
[SourceDate "2017.10.13"]
[SourceVersion "1"]
[SourceVersionDate "2017.10.13"]
[SourceQuality "1"]

1. b4 e5 2. Bb2 Bd6 3. e3 Nf6 4. a3 c6 5. Nf3 Qe7 6. c4 0-0 7. d4 exd4 8. c5 Bc7 9. Bxd4 d5 10. cxd6 Bxd6 11. Qc2 a5 12. bxa5 c5 13. Bc3 Nc6 14. a6 bxa6 15. Nbd2 Be6 16. Bb2 Rfb8 17. Bd3 h6 18. 0-0 a5 19. Rfe1 a4 20. e4 Nd7 21. e5 Bc7 22. Re4 Bf5 23. Re3 Bxd3 24. Rxd3 Ndxe5 25. Re1 Nxf3+ 26. Nxf3 Qf8 27. Red1 Rd8 28. Rd7 Bd6 29. R1xd6 1-0

[Event "Rhein Main op-B 18th"]
[Site "Bad Homburg"]
[Date "2015.06.07"]
[Round "7"]
[White "Gude, Michael"]
[Black "Karl, Florian"]
[Result "0-1"]
[WhiteElo "1755"]
[BlackElo "1391"]
[PlyCount "54"]
[EventDate "2015.06.03"]
[EventType "swiss"]
[EventRounds "7"]
[EventCountry "GER"]
[SourceTitle "CBM 167 Extra"]
[Source "ChessBase"]
[SourceDate "2015.09.14"]
[SourceVersion "1"]
[SourceVersionDate "2015.09.14"]
[SourceQuality "1"]

1. e4 c5 2. Nf3 d6 3. Nc3 Nf6 4. Bb5+ Bd7 5. Bxd7+ Qxd7 6. d3 g6 7. 0-0 Bg7 8. e5 dxe5 9. Nxe5 Qc8 10. Re1 0-0 11. Bg5 Re8 12. Qf3 Nbd7 13. Nc4 Rb8 14. Re2 b5 15. Na5 e6 16. Nc6 Rb7 17. Rae1 b4 18. Bxf6 Nxf6 19. Na5 Rd7 20. Na4 Rc7 21. Nc4 Rd8 22. b3 Nd5 23. Ne5 Rb7 24. Re4 Qc7 25. R4e2 Rc8 26. Qe4 Qd6 27. c4 bxc3 0-1

[Event "Rhein Main op-B 18th"]
[Site "Bad Homburg"]
[Date "2015.06.06"]
[Round "6"]
[White "Happel, Juergen"]
[Black "Gude, Michael"]
[Result "1/2-1/2"]
[WhiteElo "1567"]
[BlackElo "1755"]
[PlyCount "102"]
[EventDate "2015.06.03"]
[EventType "swiss"]
[EventRounds "7"]
[EventCountry "GER"]
[SourceTitle "CBM 167 Extra"]
[Source "ChessBase"]
[SourceDate "2015.09.14"]
[SourceVersion "1"]
[SourceVersionDate "2015.09.14"]
[SourceQuality "1"]

1. d4 f5 2. Bf4 Nf6 3. h3 e6 4. e3 b6 5. Nf3 Bb7 6. Be2 Be7 7. 0-0 0-0 8. Nbd2 d5 9. a4 a5 10. c3 Bd6 11. Bxd6 Qxd6 12. Qc2 Nbd7 13. Rfb1 Rfc8 14. Qd1 Ne4 15. c4 c5 16. Rc1 Ba6 17. cxd5 Bxe2 18. Qxe2 exd5 19. b3 g6 20. Qd1 Rc7 21. Rc2 Rac8 22. Rac1 h6 23. Nxe4 dxe4 24. Ne1 Kf7 25. Rd2 c4 26. bxc4 Rxc4 27. Rxc4 Rxc4 28. Qb3 Qb4 29. Qxb4 Rxb4 30. Ra2 b5 31. axb5 Rxb5 32. Nc2 Nb6 33. Na3 Rb3 34. Kf1 Ke6 35. Ke1 Kd5 36. Kd1 g5 37. Kc2 a4 38. Nb1 f4 39. Nc3+ Kc4 40. Nxa4 fxe3 41. Nxb6+ Rxb6 42. fxe3 Rf6 43. Kd1 h5 44. Ke2 g4 45. hxg4 hxg4 46. Ra1 g3 47. Rf1 Ra6 48. Rc1+ Kb3 49. Rd1 Ra2+ 50. Rd2 Ra1 51. Rd1 Ra2+ 1/2-1/2

[Event "Nuremberg Zabo op 16th"]
[Site "Nuremberg"]
[Date "2014.09.21"]
[Round "4"]
[White "Gude, Michael"]
[Black "Rausch, Wolfgang1"]
[Result "1-0"]
[WhiteElo "1570"]
[BlackElo "1900"]
[PlyCount "35"]
[EventDate "2014.09.19"]
[EventType "swiss"]
[EventRounds "5"]
[EventCountry "GER"]
[SourceTitle "EXT 2018"]
[Source "ChessBase"]
[SourceDate "2017.10.13"]
[SourceVersion "1"]
[SourceVersionDate "2017.10.13"]
[SourceQuality "1"]

1. e4 Nf6 2. e5 Nd5 3. d4 d6 4. c4 Nb6 5. f4 Bf5 6. Be3 e6 7. Nf3 dxe5 8. fxe5 c5 9. Nc3 cxd4 10. Nxd4 Bg6 11. Ndb5 Be7 12. Qxd8+ Bxd8 13. Nd6+ Ke7 14. Nxb7 N6d7 15. 0-0-0 Nc6 16. Bg5+ Ke8 17. Nxd8 Nxd8 18. Nb5 1-0

[Event "Pyramiden Franken Cup"]
[Site "Fuerth"]
[Date "2014.09.05"]
[Round "2"]
[White "Fischer, Daniel2"]
[Black "Gude, Michael"]
[Result "1-0"]
[WhiteElo "2087"]
[BlackElo "1769"]
[PlyCount "93"]
[EventDate "2014.09.04"]
[EventType "swiss"]
[EventRounds "7"]
[EventCountry "GER"]
[SourceTitle "CBM 162 Extra"]
[Source "ChessBase"]
[SourceDate "2014.10.17"]
[SourceVersion "1"]
[SourceVersionDate "2014.10.17"]
[SourceQuality "1"]

1. Nf3 f5 2. c4 Nf6 3. g3 e6 4. Bg2 Be7 5. 0-0 0-0 6. Nc3 c6 7. d3 d5 8. e4 d4 9. Ne2 fxe4 10. dxe4 d3 11. Nf4 Nxe4 12. Nxd3 Na6 13. Nfe5 Nec5 14. Be3 Nxd3 15. Nxd3 Bf6 16. Qe2 e5 17. Rad1 Qe7 18. Be4 Be6 19. b3 g6 20. f3 Bg7 21. Kg2 Bf5 22. h4 Bxe4 23. fxe4 b6 24. Qg4 Nc7 25. Rxf8+ Rxf8 26. Nf2 Ne6 27. Nh3 Nd4 28. h5 gxh5 29. Qxh5 Qf7 30. Qxf7+ Rxf7 31. Bxd4 exd4 32. Nf2 c5 33. Nd3 Kf8 34. Rf1 Rxf1 35. Kxf1 Ke7 36. Ke2 Kd6 37. Kf3 Be5 38. Kg4 a6 39. a4 Bg7 40. Kf5 Kc7 41. a5 bxa5 42. Nxc5 a4 43. bxa4 a5 44. Nd3 Kd7 45. g4 Kd6 46. e5+ Ke7 47. Ke4 1-0